[Event "Mittelrhein Verbandsliga-N 18/19"]
[Site "Nordrheinwestfalen"]
[Date "2019.04.07"]
[Round "9.4"]
[White "Mueller, Peter"]
[Black "Maciag, David"]
[Result "1/2-1/2"]
[WhiteElo "1881"]
[BlackElo "1870"]
[PlyCount "140"]
[EventDate "2018.09.02"]
[EventType "team-tourn"]
[EventRounds "12"]
[EventCountry "GER"]
[SourceTitle "EXT 2022"]
[Source "ChessBase"]
[SourceDate "2021.10.06"]
[SourceVersion "1"]
[SourceVersionDate "2021.10.06"]
[SourceQuality "1"]
[WhiteTeam "Godesberg III"]
[BlackTeam "Baumberg"]
[WhiteTeamCountry "GER"]
[BlackTeamCountry "GER"]

1. d4 Nf6 2. Nf3 d5 3. c4 c6 4. e3 g6 5. Be2 Bg7 6. 0-0 0-0 7. Nc3 Bg4 8. cxd5 cxd5 9. Qb3 b6 10. h3 Bxf3 11. Bxf3 e6 12. Bd2 Nc6 13. Rfc1 Na5 14. Qc2 Nc4 15. Be1 Rc8 16. b3 Nd6 17. Qd3 Qd7 18. Rc2 Rc7 19. Rac1 Rfc8 20. Be2 Nfe4 21. f3 Nxc3 22. Rxc3 h5 23. Qd2 Bh6 24. Ba6 Rxc3 25. Rxc3 Rxc3 26. Qxc3 Nf5 27. Bf2 Nd6 28. g4 hxg4 29. hxg4 f5 30. gxf5 gxf5 31. Bd3 Bg7 32. Bg3 Bf8 33. Kf2 Kf7 34. Qc1 Bg7 35. Qh1 Kf8 36. Qh5 Ne8 37. Ke2 Qc6 38. Be1 Nf6 39. Bb4+ Kg8 40. Qg6 Qc7 41. Qg1 Kf7 42. Bd2 Bf8 43. Kf2 Bd6 44. Qc1 Qxc1 45. Bxc1 Ke7 46. Bd2 a5 47. Ke1 Ba3 48. Kd1 Ne8 49. Kc2 Nd6 50. Bc1 Bxc1 51. Kxc1 Kf6 52. Kd2 Kg5 53. Ke2 b5 54. a4 b4 55. Kf2 Kf6 56. Kg3 e5 57. Bb5 Ke6 58. Bc6 e4 59. Kf4 exf3 60. Kxf3 Ne4 61. Ke2 Kf6 62. Kd3 Nc3 63. Bd7 Ne4 64. Be8 Nc3 65. Bh5 Ke6 66. Bf3 Kd6 67. Bg2 Ke6 68. Bh3 Kf6 69. Kd2 Kg5 70. Bf1 Kf6 1/2-1/2

[Event "Mittelrhein Verbandsliga-N 18/19"]
[Site "Nordrheinwestfalen"]
[Date "2019.01.20"]
[Round "6.4"]
[White "Hoerchens, Joern"]
[Black "Mueller, Peter"]
[Result "0-1"]
[WhiteElo "1832"]
[BlackElo "1881"]
[PlyCount "70"]
[EventDate "2018.09.02"]
[EventType "team-tourn"]
[EventRounds "12"]
[EventCountry "GER"]
[SourceTitle "EXT 2022"]
[Source "ChessBase"]
[SourceDate "2021.10.06"]
[SourceVersion "1"]
[SourceVersionDate "2021.10.06"]
[SourceQuality "1"]
[WhiteTeam "Dormagen SV"]
[BlackTeam "Godesberg III"]
[WhiteTeamCountry "GER"]
[BlackTeamCountry "GER"]

1. d4 Nf6 2. c4 e6 3. Nf3 d5 4. Nc3 dxc4 5. e3 Be7 6. Bxc4 0-0 7. 0-0 a6 8. a3 b5 9. Be2 c5 10. dxc5 Bxc5 11. b4 Bb6 12. Bb2 Qe7 13. Qc2 Bb7 14. Rfd1 Nbd7 15. Rac1 Rac8 16. Qb1 e5 17. Qf5 Rfe8 18. h3 g6 19. Qg5 Kg7 20. Nh4 Qe6 21. Rd6 h6 22. Qg3 Qb3 23. Rd2 Kh7 24. Bd1 Qe6 25. Bc2 e4 26. Qd6 Ne5 27. Qxe6 Rxe6 28. Ne2 Nc4 29. Bc3 Nxd2 30. Bxd2 Rec6 31. Bb3 Rxc1+ 32. Bxc1 Bd5 33. Bd1 Bc4 34. Bb2 Bxe2 35. Bxe2 Nd5 0-1

[Event "Mittelrhein Verbandsliga-N 18/19"]
[Site "Nordrheinwestfalen"]
[Date "2018.09.30"]
[Round "2.3"]
[White "Weiser, Hans Josef"]
[Black "Mueller, Peter"]
[Result "1/2-1/2"]
[WhiteElo "1954"]
[BlackElo "1891"]
[PlyCount "21"]
[EventDate "2018.09.02"]
[EventType "team-tourn"]
[EventRounds "12"]
[EventCountry "GER"]
[SourceTitle "EXT 2022"]
[Source "ChessBase"]
[SourceDate "2021.10.06"]
[SourceVersion "1"]
[SourceVersionDate "2021.10.06"]
[SourceQuality "1"]
[WhiteTeam "Bergische SF"]
[BlackTeam "Godesberg III"]
[WhiteTeamCountry "GER"]
[BlackTeamCountry "GER"]

1. e4 e5 2. Nf3 Nc6 3. d4 exd4 4. Bc4 Nf6 5. 0-0 Nxe4 6. Re1 d5 7. Bxd5 Qxd5 8. Nc3 Qa5 9. Nxe4 Be6 10. Neg5 0-0-0 11. Nxe6 1/2-1/2

[Event "Mittelrhein Verbandsliga-S 17/18"]
[Site "Nordrheinwestfalen"]
[Date "2018.05.06"]
[Round "11.4"]
[White "Mueller, Peter"]
[Black "Wilke, Christopher"]
[Result "1/2-1/2"]
[WhiteElo "1880"]
[BlackElo "1941"]
[PlyCount "29"]
[EventDate "2017.09.10"]
[EventType "team-tourn"]
[EventRounds "11"]
[EventCountry "GER"]
[SourceTitle "EXT 2022"]
[Source "ChessBase"]
[SourceDate "2021.10.06"]
[SourceVersion "1"]
[SourceVersionDate "2021.10.06"]
[SourceQuality "1"]
[WhiteTeam "Godesberg III"]
[BlackTeam "Niederkassel II"]
[WhiteTeamCountry "GER"]
[BlackTeamCountry "GER"]

1. e4 c6 2. d4 d5 3. exd5 cxd5 4. c4 Nf6 5. Nc3 Nc6 6. Bg5 e6 7. Nf3 dxc4 8. Bxc4 Be7 9. 0-0 0-0 10. Re1 Nd5 11. Bxe7 Ncxe7 12. Qd3 b6 13. a3 Bb7 14. Qe4 Rc8 15. Bd3 1/2-1/2

[Event "Mittelrhein Verbandsliga-S 17/18"]
[Site "Nordrheinwestfalen"]
[Date "2017.11.12"]
[Round "4.5"]
[White "Manay, Gueven"]
[Black "Mueller, Peter"]
[Result "1/2-1/2"]
[WhiteElo "1878"]
[BlackElo "1899"]
[PlyCount "67"]
[EventDate "2017.09.10"]
[EventType "team-tourn"]
[EventRounds "11"]
[EventCountry "GER"]
[SourceTitle "EXT 2022"]
[Source "ChessBase"]
[SourceDate "2021.10.06"]
[SourceVersion "1"]
[SourceVersionDate "2021.10.06"]
[SourceQuality "1"]
[WhiteTeam "Satranc Club"]
[BlackTeam "Godesberg III"]
[WhiteTeamCountry "GER"]
[BlackTeamCountry "GER"]

1. d4 Nf6 2. Bf4 d5 3. e3 c5 4. c3 Nc6 5. Nd2 cxd4 6. exd4 e6 7. Bd3 Bd6 8. Bg3 e5 9. dxe5 Nxe5 10. Bc2 0-0 11. Ne2 b6 12. 0-0 Ba6 13. Nb3 Re8 14. Re1 Nc4 15. Rb1 Qc7 16. Bxd6 Qxd6 17. Nbd4 g6 18. Bd3 Bb7 19. Nf3 Rad8 20. Qc2 Ne4 21. Rbd1 Qf6 22. Ned4 Ncd6 23. Re2 Nc5 24. Rde1 Rxe2 25. Bxe2 Re8 26. Rd1 Nde4 27. Bb5 Rc8 28. Ne1 a6 29. Bf1 Ne6 30. Qe2 b5 31. f3 Nd6 32. Qf2 Nc4 33. g3 Re8 34. b3 1/2-1/2

[Event "Mittelrhein Regionalliga 16/17"]
[Site "Nordrheinwestfalen"]
[Date "2017.01.08"]
[Round "6.8"]
[White "Wegener, Marcus"]
[Black "Mueller, Peter"]
[Result "1/2-1/2"]
[WhiteElo "2000"]
[BlackElo "1830"]
[PlyCount "80"]
[EventDate "2016.09.11"]
[EventType "team-tourn"]
[EventRounds "11"]
[EventCountry "GER"]
[SourceTitle "EXT 2022"]
[Source "ChessBase"]
[SourceDate "2021.10.06"]
[SourceVersion "1"]
[SourceVersionDate "2021.10.06"]
[SourceQuality "1"]
[WhiteTeam "Porz SG III"]
[BlackTeam "Godesberg III"]
[WhiteTeamCountry "GER"]
[BlackTeamCountry "GER"]

1. e4 e5 2. Nf3 Nc6 3. Bb5 a6 4. Ba4 Nf6 5. 0-0 Be7 6. Bxc6 dxc6 7. Qe1 Nd7 8. b3 Bd6 9. Bb2 0-0 10. d3 Re8 11. a4 Nf8 12. Nbd2 Ng6 13. Nc4 Bg4 14. Qe3 Qf6 15. Nfd2 Nf4 16. f3 Bd7 17. g3 Nh3+ 18. Kg2 Qg6 19. Kh1 f5 20. exf5 Qxf5 21. Ne4 Re6 22. Bc1 Rg6 23. Qe2 h5 24. Ne3 Qe6 25. Ng2 Be7 26. f4 exf4 27. Nxf4 Nxf4 28. Bxf4 h4 29. Rae1 c5 30. Bxc7 Bc6 31. Bf4 Re8 32. Qh5 hxg3 33. Bxg3 Bd6 34. Qf5 Bxg3 35. Qxe6+ Rgxe6 36. hxg3 Bxe4+ 37. dxe4 Rxe4 38. Rxe4 Rxe4 39. Kg2 c4 40. Kf3 Re6 1/2-1/2

[Event "Mittelrhein Regionalliga 16/17"]
[Site "Nordrheinwestfalen"]
[Date "2016.12.18"]
[Round "5.7"]
[White "Dick, Matthias"]
[Black "Mueller, Peter"]
[Result "1-0"]
[WhiteElo "1979"]
[BlackElo "1830"]
[PlyCount "111"]
[EventDate "2016.09.11"]
[EventType "team-tourn"]
[EventRounds "11"]
[EventCountry "GER"]
[SourceTitle "EXT 2022"]
[Source "ChessBase"]
[SourceDate "2021.10.06"]
[SourceVersion "1"]
[SourceVersionDate "2021.10.06"]
[SourceQuality "1"]
[WhiteTeam "Koeln SF II"]
[BlackTeam "Godesberg III"]
[WhiteTeamCountry "GER"]
[BlackTeamCountry "GER"]

1. Nf3 d5 2. c4 c6 3. g3 Nf6 4. Bg2 Bg4 5. Ne5 Be6 6. cxd5 Bxd5 7. Nf3 c5 8. Nc3 Bc6 9. 0-0 e6 10. d4 Nbd7 11. Re1 cxd4 12. Nxd4 Bxg2 13. Kxg2 Bb4 14. Qb3 Qb6 15. Nf3 0-0 16. Be3 Qa5 17. Bd2 Rac8 18. a3 Bxc3 19. Bxc3 Qd5 20. Qa4 Qc6 21. Qh4 Qe4 22. Rac1 Qxh4 23. Nxh4 Ne4 24. Bd4 b6 25. Nf3 f6 26. Red1 Kf7 27. Be3 Ke7 28. Nd4 Ne5 29. Nb5 a6 30. Nc7 Nc5 31. Bxc5+ bxc5 32. Rxc5 a5 33. Rdc1 Rb8 34. R1c2 a4 35. Na6 Rbd8 36. Rc7+ Rd7 37. h3 Ra8 38. Nb4 Rad8 39. f4 Rxc7 40. Rxc7+ Rd7 41. Rc2 Nf7 42. Kf3 Rb7 43. e4 Nd6 44. g4 g6 45. Ke3 f5 46. e5 Ne4 47. Rc8 Kf7 48. Rh8 Kg7 49. Ra8 Nc5 50. Rc8 Ne4 51. g5 Kf7 52. Rc4 Ke8 53. h4 Kd7 54. Nd3 Rb3 55. Kd4 Kd8 56. Rb4 1-0

[Event "Mittelrhein Regionalliga 16/17"]
[Site "Nordrheinwestfalen"]
[Date "2016.09.11"]
[Round "1.7"]
[White "Biedekoepper, Robert"]
[Black "Mueller, Peter"]
[Result "1-0"]
[WhiteElo "1984"]
[BlackElo "1856"]
[PlyCount "53"]
[EventDate "2016.09.11"]
[EventType "team-tourn"]
[EventRounds "11"]
[EventCountry "GER"]
[SourceTitle "EXT 2022"]
[Source "ChessBase"]
[SourceDate "2021.10.06"]
[SourceVersion "1"]
[SourceVersionDate "2021.10.06"]
[SourceQuality "1"]
[WhiteTeam "Godesberg II"]
[BlackTeam "Godesberg III"]
[WhiteTeamCountry "GER"]
[BlackTeamCountry "GER"]

1. e4 e5 2. Nf3 Nc6 3. Bb5 a6 4. Ba4 Nf6 5. 0-0 Be7 6. Re1 b5 7. Bb3 d6 8. c3 0-0 9. h3 Qd7 10. d4 Re8 11. a4 Bb7 12. Bg5 h6 13. Bh4 Nh7 14. dxe5 Bxh4 15. Nxh4 Nxe5 16. axb5 axb5 17. Rxa8 Bxa8 18. Bc2 g6 19. Nd2 Nf6 20. Nf1 d5 21. f4 Nc4 22. e5 Qe7 23. b3 Nb6 24. Nf3 Ne4 25. Qd4 c5 26. Qe3 c4 27. Qxb6 1-0

[Event "Wiesbaden op 28th"]
[Site "Wiesbaden"]
[Date "2016.08.27"]
[Round "5"]
[White "Leidorf, Sebastian"]
[Black "Mueller, Peter"]
[Result "1/2-1/2"]
[WhiteElo "2097"]
[BlackElo "1912"]
[PlyCount "127"]
[EventDate "2016.08.25"]
[EventType "swiss"]
[EventRounds "7"]
[EventCountry "GER"]
[SourceTitle "CBM 174 Extra"]
[Source "ChessBase"]
[SourceDate "2016.10.10"]
[SourceVersion "1"]
[SourceVersionDate "2016.10.10"]
[SourceQuality "1"]

1. c4 c5 2. g3 Nc6 3. Bg2 g6 4. Nc3 Bg7 5. Nf3 e6 6. d3 Nge7 7. Bg5 h6 8. Bd2 0-0 9. Rb1 d5 10. Qc1 Kh7 11. a3 dxc4 12. dxc4 e5 13. b4 cxb4 14. axb4 Be6 15. c5 Bf5 16. e4 Be6 17. 0-0 Bc4 18. Rd1 b5 19. Bf1 Bxf1 20. Kxf1 Qd3+ 21. Kg2 Qc4 22. Ne1 a5 23. Nc2 axb4 24. Ne3 Qxc5 25. Ncd5 Qxc1 26. Rdxc1 Nxd5 27. Nxd5 Nd4 28. Rxb4 Rfc8 29. Rxc8 Rxc8 30. Bc3 Bf8 31. Rb1 Rb8 32. Nf6+ Kg7 33. Nd7 Rc8 34. Bxd4 exd4 35. Nxf8 Rxf8 36. Rxb5 Rd8 37. f4 Kf6 38. Kf3 h5 39. h3 Ra8 40. Rb6+ Ke7 41. Rb3 Ra2 42. Rd3 Ra4 43. e5 Ke6 44. Ke4 f5+ 45. exf6 Kxf6 46. Rxd4 Ra3 47. Rd6+ Kg7 48. Rd3 Ra4+ 49. Kf3 Rb4 50. g4 hxg4+ 51. hxg4 Kf6 52. Rd6+ Kf7 53. Kg3 Ra4 54. Rd7+ Kg8 55. Rb7 Rc4 56. Rb6 Kg7 57. Kh4 Rxf4 58. Kg5 Ra4 59. Rxg6+ Kh7 60. Rb6 Kg7 61. Rb7+ Kg8 62. Kh5 Ra5+ 63. g5 Ra6 64. g6 1/2-1/2

[Event "SH-ch Seniors op"]
[Site "Eckernfoerde"]
[Date "2012.10.05"]
[Round "7.29"]
[White "Mueller, Gerhard"]
[Black "Mueller, Peter"]
[Result "0-1"]
[WhiteElo "1677"]
[BlackElo "1636"]
[PlyCount "100"]
[EventDate "2012.09.29"]
[EventType "swiss"]
[EventRounds "7"]
[EventCountry "GER"]
[SourceTitle "EXT 2022"]
[Source "ChessBase"]
[SourceDate "2021.10.06"]
[SourceVersion "1"]
[SourceVersionDate "2021.10.06"]
[SourceQuality "1"]

1. Nf3 d5 2. d4 Nf6 3. e3 c6 4. c4 e6 5. Nc3 Nbd7 6. cxd5 exd5 7. g3 Be7 8. Bg2 Nb6 9. 0-0 Bg4 10. Re1 0-0 11. Qc2 Qc8 12. e4 dxe4 13. Nxe4 Nbd5 14. Nxf6+ Bxf6 15. Be3 Re8 16. Qd2 Be7 17. a3 Bf6 18. Rac1 Qd7 19. b4 Rad8 20. Rcd1 Qf5 21. Qd3 Qh5 22. Bf4 Nxf4 23. gxf4 Bf5 24. Qc4 Be6 25. Qe2 Kf8 26. Ne5 Qxe2 27. Rxe2 Bd5 28. Red2 Rd6 29. Bxd5 Rxd5 30. f3 Bd8 31. Kg2 Bb6 32. Nc4 Bc7 33. Kg3 Red8 34. h4 f6 35. Kg4 Bb6 36. Nxb6 axb6 37. Rd3 Kf7 38. f5 R8d7 39. Kf4 Rb5 40. Re1 Rdd5 41. Rde3 Rxd4+ 42. Re4 Rd7 43. R1e3 Rbd5 44. Re8 Rd4+ 45. Kg3 Rc7 46. R8e4 Rcd7 47. Re6 Rd3 48. R6e4 Rxe3 49. Rxe3 Rd1 50. Kg2 Rd5 0-1

[Event "Dresden ZMD op"]
[Site "Dresden"]
[Date "2008.07.24"]
[Round "6"]
[White "Moeller, Hendrik"]
[Black "Mueller, Peter"]
[Result "1-0"]
[WhiteElo "2164"]
[BlackElo "2011"]
[PlyCount "143"]
[EventDate "2008.07.19"]
[EventType "swiss"]
[EventRounds "9"]
[EventCountry "GER"]
[SourceTitle "CBM 125 Extra"]
[Source "ChessBase"]
[SourceDate "2008.09.01"]
[SourceVersion "1"]
[SourceVersionDate "2008.09.01"]
[SourceQuality "1"]

1. d4 Nf6 2. Nf3 d5 3. e3 g6 4. Bd3 Bg7 5. Nbd2 0-0 6. 0-0 Nbd7 7. h3 c5 8. b3 Nh5 9. Re1 e5 10. dxe5 Nxe5 11. Nxe5 Bxe5 12. Rb1 Qf6 13. Qf3 Be6 14. Qxf6 Nxf6 15. Bb2 Bxb2 16. Rxb2 Rfd8 17. c3 Rac8 18. Bb1 b5 19. Kf1 a5 20. a3 d4 21. cxd4 cxd4 22. e4 Rc3 23. e5 Nh5 24. Be4 d3 25. h4 Rc2 26. Reb1 Bf5 27. Bxf5 gxf5 28. Ke1 Nf4 29. g3 Rdc8 30. Nf3 d2+ 31. Kd1 R2c3 32. Nd4 Nd3 33. Rxd2 Nxe5 34. Nxb5 Rd3 35. Rxd3 Nxd3 36. Ke2 Ne5 37. Nd4 Ng4 38. Rd1 Re8+ 39. Kf3 Re5 40. Rd2 h5 41. Kg2 Rd5 42. Nf3 Rb5 43. Rb2 Nf6 44. Nd4 Rd5 45. Ne2 Rd3 46. Nf4 Rc3 47. Kf1 Kf8 48. Ke2 Ke8 49. Kd2 Ne4+ 50. Ke2 Nf6 51. Ng2 Kd7 52. Ne3 Ke6 53. Nd1 Rc8 54. b4 axb4 55. axb4 Nd5 56. b5 f4 57. b6 fxg3 58. fxg3 Rb8 59. b7 Kd6 60. Ne3 Nc3+ 61. Kf3 Kc5 62. Kf4 Nb5 63. Kg5 Rxb7 64. Kxh5 Re7 65. Nf5 Re5 66. g4 Kc6 67. Kg5 Nd6 68. Rc2+ Kb7 69. Kf4 Re4+ 70. Kf3 Re6 71. Nxd6+ Rxd6 72. Kf4 1-0

[Event "Berlin Lichtenrade op 03rd"]
[Site "Berlin"]
[Date "2007.04.14"]
[Round "8"]
[White "Mueller, Peter"]
[Black "Hadj Sassi, Nabil"]
[Result "1-0"]
[WhiteElo "1935"]
[BlackElo "1955"]
[PlyCount "46"]
[EventDate "2007.04.07"]
[EventType "swiss"]
[EventRounds "9"]
[EventCountry "GER"]
[SourceTitle "EXT 2008"]
[Source "ChessBase"]
[SourceDate "2007.11.25"]
[SourceVersion "1"]
[SourceVersionDate "2007.11.25"]
[SourceQuality "1"]

1. e4 g6 2. d4 Bg7 3. Nc3 d6 4. Nf3 Nc6 5. Be3 Bg4 6. Bc4 e5 7. d5 Nce7 8. h3 Bc8 9. g4 f5 10. gxf5 gxf5 11. Ng5 Nf6 12. f4 exf4 13. Bxf4 Ng6 14. Bb5+ Bd7 15. Ne6 Qe7 16. Bg5 c6 17. Nxg7+ Kf7 18. dxc6 bxc6 19. Nxf5 Bxf5 20. 0-0 Qe5 21. Qf3 Rhg8 22. Kh1 cxb5 23. Qxf5 Ne7 1-0

[Event "Berlin op 04"]
[Site "Berlin"]
[Date "2006.04.17"]
[Round "3"]
[White "Mueller, Peter"]
[Black "Tarrach, Thomas"]
[Result "1-0"]
[WhiteElo "1872"]
[BlackElo "1611"]
[PlyCount "97"]
[EventDate "2006.04.14"]
[EventType "swiss"]
[EventRounds "9"]
[EventCountry "GER"]
[SourceTitle "EXT 2007"]
[Source "ChessBase"]
[SourceDate "2006.11.23"]
[SourceVersion "1"]
[SourceVersionDate "2006.11.23"]
[SourceQuality "1"]

1. e4 c5 2. Nf3 e6 3. d4 cxd4 4. Nxd4 a6 5. a3 Qc7 6. Nc3 Nf6 7. Be3 Be7 8. Be2 d6 9. Qd2 0-0 10. h4 d5 11. e5 Ne4 12. Nxe4 dxe4 13. f4 exf3 14. Nxf3 Nc6 15. Bf4 b5 16. Bd3 Qa5 17. Qxa5 Nxa5 18. Ng5 h6 19. Ne4 Bb7 20. 0-0-0 Nc4 21. g4 Rfd8 22. g5 Rd4 23. Rde1 h5 24. g6 f5 25. exf6 gxf6 26. Rhf1 e5 27. Bh6 Bxe4 28. Rxe4 Rad8 29. Rxd4 Rxd4 30. Bf5 Rd6 31. Rd1 Bf8 32. Be6+ Kh8 33. Bxf8 Rxe6 34. Rd8 Nd6 35. Rxd6 Rxd6 36. Bxd6 Kg7 37. Kd2 Kxg6 38. Ke3 Kf5 39. Be7 Ke6 40. Bd8 f5 41. b3 Kd7 42. Ba5 Kc6 43. Kd3 Kd5 44. c4+ Ke6 45. cxb5 axb5 46. a4 bxa4 47. bxa4 Kd5 48. Bd2 Kc5 49. Bc3 1-0

[Event "Berlin Lichtenrade op 02nd"]
[Site "Berlin"]
[Date "2005.10.01"]
[Round "1"]
[White "Mueller, Peter"]
[Black "Geller, Jakov"]
[Result "0-1"]
[WhiteElo "1998"]
[BlackElo "2490"]
[PlyCount "64"]
[EventDate "2005.10.01"]
[EventType "swiss"]
[EventRounds "9"]
[EventCountry "GER"]
[SourceTitle "CBM 108 Extra"]
[Source "ChessBase"]
[SourceDate "2005.11.04"]
[SourceVersion "1"]
[SourceVersionDate "2005.11.04"]
[SourceQuality "1"]

1. e4 c5 2. Nf3 e6 3. d4 cxd4 4. Nxd4 Nc6 5. a3 Nf6 6. Nc3 Qc7 7. Be3 a6 8. f4 d6 9. Be2 Be7 10. Qd2 0-0 11. g4 Nxd4 12. Qxd4 e5 13. Qd1 exf4 14. Bxf4 Be6 15. g5 Nd7 16. Qd2 b5 17. 0-0-0 Ne5 18. Nd5 Bxd5 19. exd5 Rac8 20. h4 Rfe8 21. Rh3 Nc4 22. Bxc4 Qxc4 23. Kb1 Bf8 24. Rc3 Qe4 25. Rxc8 Rxc8 26. Re1 Qf5 27. h5 Rc4 28. Be3 Re4 29. Bf2 Rxe1+ 30. Bxe1 Be7 31. Bh4 h6 32. Qe1 Bxg5 0-1

[Event "Leipzig VfB op 12th"]
[Site "Leipzig"]
[Date "2005.03.04"]
[Round "6"]
[White "Mueller, Peter"]
[Black "Roeschert, Stephan"]
[Result "0-1"]
[WhiteElo "1385"]
[BlackElo "1677"]
[PlyCount "52"]
[EventDate "2005.01.03"]
[EventType "swiss"]
[EventRounds "9"]
[EventCountry "GER"]
[SourceTitle "EXT 2008"]
[Source "ChessBase"]
[SourceDate "2007.11.25"]
[SourceVersion "1"]
[SourceVersionDate "2007.11.25"]
[SourceQuality "1"]

1. e4 c5 2. f4 d6 3. Nf3 Nc6 4. Bc4 e6 5. 0-0 Nge7 6. Nc3 g6 7. d3 Bg7 8. Be3 0-0 9. d4 cxd4 10. Bxd4 Nxd4 11. Nxd4 Qb6 12. Nce2 e5 13. fxe5 dxe5 14. Kh1 exd4 15. Bb3 Be6 16. Bxe6 fxe6 17. Rb1 Rxf1+ 18. Qxf1 Rf8 19. Qd1 e5 20. Qd3 Nc6 21. Kg1 Qc7 22. g3 Qf7 23. Kg2 Bh6 24. Ng1 Qf2+ 25. Kh3 Be3 26. Ne2 Qf3 0-1